The Far Arena (Record no. 350873)

000 -LEADER
fixed length control field 00683pam a2200241 i 4500
001 - CONTROL NUMBER
control field 3681835
003 - CONTROL NUMBER IDENTIFIER
control field OSt
005 - DATE AND TIME OF LATEST TRANSACTION
control field 20180116183028.0
008 - FIXED-LENGTH DATA ELEMENTS--GENERAL INFORMATION
fixed length control field 780418s1978 nyu 000 1 eng
010 ## - LIBRARY OF CONGRESS CONTROL NUMBER
LC control number 78008270
020 ## - INTERNATIONAL STANDARD BOOK NUMBER
International Standard Book Number 0872235068
040 ## - CATALOGING SOURCE
Original cataloging agency DLC
Transcribing agency DLC
Modifying agency DLC
050 00 - LIBRARY OF CONGRESS CALL NUMBER
Classification number PZ4.S242
Item number Far
Classification number PS3569.A59
082 00 - DEWEY DECIMAL CLASSIFICATION NUMBER
Classification number 813.54 SAP 1979
100 1# - MAIN ENTRY--PERSONAL NAME
Personal name Sapir, Richard.
245 14 - TITLE STATEMENT
Title The Far Arena
Statement of responsibility, etc. Richard Ben Sapir.
250 ## - EDITION STATEMENT
Edition statement 1st ed.
260 ## - PUBLICATION, DISTRIBUTION, ETC.
Place of publication, distribution, etc. New York :
Name of publisher, distributor, etc. Seaview Books : trade distribution by Simon and Schuster,
Date of publication, distribution, etc. c1978.
300 ## - PHYSICAL DESCRIPTION
Extent 435 p. ;
Dimensions 25 cm.
Other physical details PB
440 ## - SERIES STATEMENT/ADDED ENTRY--TITLE
Title The Far Arena
906 ## - LOCAL DATA ELEMENT F, LDF (RLIN)
a 7
b cbc
c orignew
d 1
e ocip
f 19
g y-gencatlg
942 ## - ADDED ENTRY ELEMENTS (KOHA)
Source of classification or shelving scheme
Koha item type Book
Holdings
Withdrawn status Lost status Source of classification or shelving scheme Damaged status Not for loan Collection code Permanent Location Current Location Shelving location Date acquired Total Checkouts Total Renewals Full call number Barcode Date last seen Price effective from Koha item type
            Central Library (CL) Central Library (CL) Fiction 12/16/2015   1 813.54 SAP 1979 NBSD-2338 06/05/2025 12/16/2015 Book
© 2023 Central Library, National University of Sciences and Technology. All Rights Reserved.